Displaying organisation: how to successfully manage a museum ezhibition (Record no. 1227905)

MARC details
000 -LEADER
fixed length control field 00699nam a2200229Ia 4500
005 - DATE AND TIME OF LATEST TRANSACTION
control field 20241129110243.0
008 - FIXED-LENGTH DATA ELEMENTS--GENERAL INFORMATION
fixed length control field 241129s9999||||xx |||||||||||||| ||und||
020 ## - INTERNATIONAL STANDARD BOOK NUMBER
International Standard Book Number 978-1-78330-505-6
037 ## - SOURCE OF ACQUISITION
Stock number TB
040 ## - CATALOGING SOURCE
Original cataloging agency ARTS
Language of cataloging eng
Transcribing agency ARTS
041 ## - LANGUAGE CODE
Language code of text/sound track or separate title eng
Source of code eng
084 ## - COLON CLASSIFICATION NUMBER
Classification number D65,8(B) R3(2D)
Assigning agency ARTS
100 ## - MAIN ENTRY--PERSONAL NAME
Personal name Goddard Rhiannon Au.
9 (RLIN) 727582
245 #0 - TITLE STATEMENT
Title Displaying organisation: how to successfully manage a museum ezhibition
Statement of responsibility, etc. Goddard Rhiannon Au.
260 ## - PUBLICATION, DISTRIBUTION, ETC.
Place of publication, distribution, etc. UK
Name of publisher, distributor, etc. Facet Publishing
Date of publication, distribution, etc. 2020
300 ## - PHYSICAL DESCRIPTION
Extent xxiv,171p.
365 ## - TRADE PRICE
Price type code UKP
Price amount 34.99
490 ## - SERIES STATEMENT
Series statement Museum and gallery essentials
650 ## - SUBJECT ADDED ENTRY--TOPICAL TERM
Topical term or geographic name entry element Computer Science
942 ## - ADDED ENTRY ELEMENTS (KOHA)
Koha item type Textbook
Classification part D65,8(B) R3(2D)
Holdings
Withdrawn status Lost status Damaged status Not for loan Home library Current library Date acquired Source of acquisition Cost, normal purchase price Inventory number Total Checkouts Full call number Barcode Date last seen Price effective from Koha item type
        Arts Library Arts Library 2024-11-29 Deepika Book Agency 34.99 123 & 09/02/2024   D65,8(B) R3(2D) AL1803940 2024-11-29 2024-11-29 Textbook
Copyright @ Delhi University Library System